Catálogo
 En Linea

Autos sacramentales. (Registro nro. 17550)

Detalles MARC
000 -CABECERA
campo de control de longitud fija 00709cam a22002291 4500
001 - NÚMERO DE CONTROL
campo de control 000018028
005 - FECHA Y HORA DE LA ÚLTIMA TRANSACCIÓN
campo de control 20200929165325.0
008 - DATOS DE LONGITUD FIJA--INFORMACIÓN GENERAL
campo de control de longitud fija 770617m19671926sp 000 0 spas
010 ## - NÚMERO DE CONTROL DE LA BIBLIOTECA DEL CONGRESO
Número de control de LC 77257533
035 ## - NÚMERO DE CONTROL DEL SISTEMA
Número de control de sistema (OCoLC)3047877
040 ## - FUENTE DE LA CATALOGACIÓN
Centro catalogador/agencia de origen DO-SdBNP
Centro/agencia transcriptor OYU
Centro/agencia modificador DLC
042 ## - CÓDIGO DE AUTENTICACIÓN
Código de autenticación premarc
050 00 - SIGNATURA TOPOGRÁFICA DE LA BIBLIOTECA DEL CONGRESO
Número de clasificación PQ6287
Número de documento/Ítem .A2 1967
100 2# - ENTRADA PRINCIPAL--NOMBRE DE PERSONA
Nombre de persona Calderon de la Barca, Pedro,
Fechas asociadas al nombre 1600-1681.
9 (RLIN) 5547
245 10 - MENCIÓN DE TÍTULO
Título Autos sacramentales.
250 ## - MENCIÓN DE EDICIÓN
Mención de edición 5. ed.
Resto de la mención de edición Edicion, prologo y notas de Angel Valbuena Prat.
260 ## - PUBLICACIÓN, DISTRIBUCIÓN, ETC.
Lugar de publicación, distribución, etc. Madrid, :
Nombre del editor, distribuidor, etc. Espasa-Calpe,
Fecha de publicación, distribución, etc. 1967- [c1926-.
300 ## - DESCRIPCIÓN FÍSICA
Extensión v. ;
Dimensiones 20 cm.
440 #0 - MENCIÓN DE SERIE/PUNTO DE ACCESO ADICIONAL--TÍTULO
Título Clasicos castellanos
Designación de volumen o secuencia 74
9 (RLIN) 4180
700 2# - PUNTO DE ACCESO ADICIONAL--NOMBRE DE PERSONA
Nombre de persona Valbuena Prat, Angel,
Fechas asociadas al nombre 1900-
Término indicativo de función/relación ed.
9 (RLIN) 15838
910 ## - DATOS DE OPCIÓN DEL USUARIO (OCLC)
Datos de opción del usuario Catalogación derivada
Existencias
Estado de retiro Estado de pérdida Restricciones de uso No para préstamo Código de colección Localización permanente Ubicación/localización actual Ubicación en estantería Fecha de adquisición Número de inventario Total de préstamos Signatura topográfica completa Código de barras Fecha visto por última vez Precio válido a partir de Tipo de ítem Koha
      Excluido de préstamo Monografías: Libros y Folletos General General En catalogación 09.04.2010 LF1   18028-10 25.06.2020 25.06.2020 No se presta

Con tecnología Koha